00723nam a2200181 i 450000100060000000300090000600500170001500700030003200800410003510000280007624501350010426000520023930000420029171000370033385200320037099900170040295201220041995736ES-MaACL20230906181749.0t|050602s1971 sp ||||1| cat d1 aLlovet, Joaquim.97294310aConstructors navals de l'ex-provincia maritima de Mataró b: 1816-1875 / cJoaquim Llovet; próleg d' Agustí Duran i Sampere. aMataró : bCaixa d'Estalvis Laietana, c1971. a134 p., 5 h., XVIII lám. ; c22 cm.2 aCaixa d'Estalvis Laietana.92275 aES-MaACLjC-44191 bR.77736 c95736d95736 00104070aATENEOMbATENEOMcDEPO2d2008-01-17eSCl0oC-44191p1099965r2023-02-23 00:00:00w2023-02-23yMONOGRAFIA